| 000 | 00665nam a22002177a 4500 | ||
|---|---|---|---|
| 005 | 20240821104738.0 | ||
| 010 | _aENG-116199 ENG-141338 | ||
| 020 |
_a9788190903769 _c550.00 |
||
| 035 | _aEN-99731 | ||
| 035 | _aEN-124870 | ||
| 037 | _bDBAD | ||
| 082 | _a954.035 | ||
| 100 |
_aSomaskandan,S. _970230 |
||
| 245 |
_aMahamana & Mahatma/ _cby S.Somaskandan [and] Rama Venkataraman |
||
| 260 |
_aVaranasi _bPayasvati Prakashan _c2011 |
||
| 270 |
_aN 4/18A (K)-Karaundi _bVaranasi _e221005 |
||
| 300 |
_axvi,620p.: _bill(map) _c21cm(Hb) |
||
| 500 | _aIncludes glossary | ||
| 700 |
_aVenkataraman, Rama _970231 |
||
| 942 |
_2ddc _cEN _h954.035 _mSOM |
||
| 999 |
_c103966 _d103966 |
||